| LEADER | 00602nam a2200181 4500 | ||
|---|---|---|---|
| 082 | |a 613 |b H400G | ||
| 100 | |a Mildred O.Hogstel | ||
| 245 | |a Practical guide to health assessment: |c Mildred O.Hogstel |b through the life span | ||
| 250 | |a Tái bản lần thứ 3 | ||
| 260 | |a [kđ] |b Davis company |c 2001 | ||
| 300 | |a 478tr. |c 18cm | ||
| 520 | |a vv | ||
| 653 | |a Y học | ||
| 653 | |a Sức khỏe | ||
| 653 | |a tiếng Anh | ||
| 942 | |2 ddc |c SH | ||
| 999 | |c 11691 |d 11691 | ||
| 952 | |0 0 |1 0 |2 ddc |4 0 |6 613_000000000000000_H400G |7 0 |8 600 |9 100041 |a qbu |b qbu |c D4 |d 2015-11-30 |g 90000 |o 613 H400G |p 9496.C1 |r 0000-00-00 |w 2015-11-30 |y SH | ||